000 00353nam a22001451a 4500
020 _a9788172291228
082 _aGAN 181.4
_bGAN/M
100 _aGandhi M K
245 _aMoral Basis of Vegetarianism/
_cby Gandhi M K
260 _aAhmedabad:
_bNavajivan,
_c1997.
300 _a34p.
650 _aPhilosophy Gandhi
650 _aPhilosophy
942 _cBK
999 _c29416
_d29416